Who paid the taxes, 1966-85? (Record no. 37046)

MARC details
000 -LEADER
fixed length control field 00479nam a2200181Ia 4500
020 ## - INTERNATIONAL STANDARD BOOK NUMBER
ISBN 0815769970
050 ## - CALL MARK
Classification number HJ 2322 .A3 P42/
100 ## - STATEMENT OF RESPONSIBILITY--MAIN AUTHOR NAME
Personal name Pechman, Joseph A.
245 #0 - TITLE STATEMENT
Title Who paid the taxes, 1966-85?
260 ## - PUBLICATION, DISTRIBUTION, ETC. (IMPRINT)
Place of publication Washington
260 ## - PUBLICATION, DISTRIBUTION, ETC. (IMPRINT)
Name of publisher Brookings Institution
260 ## - PUBLICATION, DISTRIBUTION, ETC. (IMPRINT)
Year of publication c1985.
300 ## - PHYSICAL DESCRIPTION
Number of Pages 84 p
650 ## - SUBJECT ADDED ENTRY--TOPICAL TERM
Topical Term Tax incidence --United States. Taxation --United States.
942 ## - ADDED ENTRY ELEMENTS (KOHA)
Koha item type Books
Holdings
Withdrawn status Lost status Source of classification or shelving scheme Damaged status Not for loan Permanent Location Current Location Date acquired Accession Number Price effective from Koha item type
    Library of Congress Classification     NILE UNIVERSITY OF NIGERIA - MAIN LIBRARY NILE UNIVERSITY OF NIGERIA - MAIN LIBRARY 04/23/2025 0010402 04/23/2025 Books